Normale Ansicht MARC-Ansicht ISBD

Zwei Legenden aus dem Dritten Reich (Titelsatznr. 56854)

[ MARC ]
MARC-Details
000 -Satzkennung
Kontrollfeld mit fester Länge 01810nam a2200385 cb4500
001 - Kontrollnummer
Kontrollfeld BV026953474
003 - Kontrollnummer Identifier
Kontrollfeld DE-604
005 - Datum und Zeit der letzten Transaktion
Kontrollfeld 20220914165224.0
007 - Feld mit fester Länge zur physischen Beschreibung - Allgemeine Information
Kontrollfeld mit fester Länge t
008 - Feld mit fester Länge zur physischen Beschreibung - Allgemeine Angaben
Kontrollfeld mit fester Länge 110326s1974 |||| 00||| ger d
020 ## - Internationale Standardbuchnummer
Internationale Standardbuchnummer 3421016801
Verknüpfung 3-421-01680-1
035 ## - Systemkontrollnummer
System-Kontrollnummer (OCoLC)245834798
035 ## - Systemkontrollnummer
System-Kontrollnummer (DE-599)HBZHT000907452
040 ## - Katalogisierungsquelle
Original-Katalogisierungsstelle DE-604
Katalogisierungssprache ger
Übertragungsstelle RU-10907106
041 0# - Sprachcode
Sprachcode des Textes/der Tonspur oder des separaten Titels ger
100 1# - Haupteintragung - Personenname
Personenname Wilhelm, Hans-Heinrich
Funktionsbezeichnung Verfasser
Funktionsbezeichnungscode aut
Koha-Normdatenidentnummer 10183
245 10 - Titel
Titel Zwei Legenden aus dem Dritten Reich
Zusatz zum Titel Die Prognosen der Abteilung Fremde Heere Ost 1942 - 1945 ; Hat Felix Kersten das Niederländische Volk gerettet? quellenkritische Studien
Verfasserangabe etc. von Hans-Heinrich Wilhelm und Louis de Jong
264 #1 - Produktion, Veröffentlichung, Distribution, Herstellung und Urheberrechtsvermerk
Herstellungs-, Veröffentlichungs- Vertriebs-, Erzeugungsort Stuttgart
Produzent, Herausgeber, Distributor, Hersteller Deutsche Verl.-Anst.
Datum der Herstellung, der Veröffentlichung, des Vertriebs oder des Urheberschutzvermerks 1974
300 ## - Physische Beschreibung
Umfang 141 Seiten
336 ## - Inhaltstyp
Inhaltstypterm Text
Inhaltstypcode txt
Quelle rdacontent
337 ## - Medientyp
Bezeichnung des Medientyps ohne Hilfsmittel zu benutzen
Medientypcode n
Quelle rdamedia
338 ## - Datenträgertyp
Datenträgertypbezeichnung Band
Datenträgertypcode nc
Quelle rdacarrier
490 0# - Gesamttitelangabe
Gesamttitelangabe Schriftenreihe der Vierteljahrshefte für Zeitgeschichte
Bandnummer/Folgebezeichnung 28
520 ## - Fußnote zu Zusammenfassungen usw.
Fußnote zur Zusammenfassung usw. Enth.: Die Prognosen der Abteilung Fremde Heere Ost 1942 - 1945 / Hans-Heinrich Wilhelm. Hat Felix Kersten das Niederländische Volk gerettet? / Louis de Jong
600 17 - Nebeneintragung unter einem Schlagwort - Personenname
Personenname Kersten, Felix
Datumsangaben in Verbindung mit einem Namen 1898-1960
IDN des Normdatensatzes oder Standardnummer (DE-588)118722034
Quelle der Ansetzung oder des Terms gnd
Koha-Normdatenidentnummer rswk-swf
600 17 - Nebeneintragung unter einem Schlagwort - Personenname
Personenname Gehlen, Reinhard
Datumsangaben in Verbindung mit einem Namen 1902-1979
IDN des Normdatensatzes oder Standardnummer (DE-588)118538098
Quelle der Ansetzung oder des Terms gnd
Koha-Normdatenidentnummer rswk-swf
610 27 - Nebeneintragung unter einem Schlagwort - Körperschaftsname
Körperschafts- oder Gebietskörperschaftsname als Eintragungselement Deutsches Reich
Untergeordnete Körperschaft Wehrmacht
-- Oberkommando
IDN des Normdatensatzes oder Standardnummer (DE-588)2035304-2
Quelle der Ansetzung oder des Terms gnd
Koha-Normdatenidentnummer rswk-swf
610 27 - Nebeneintragung unter einem Schlagwort - Körperschaftsname
Körperschafts- oder Gebietskörperschaftsname als Eintragungselement Deutschland
Untergeordnete Körperschaft Oberkommando des Heeres
IDN des Normdatensatzes oder Standardnummer (DE-588)4222755-0
Quelle der Ansetzung oder des Terms gnd
Koha-Normdatenidentnummer rswk-swf
648 #7 - Nebeneintragung unter einem Schlagwort - Zeitschlagwort
Zeitschlagwort Prognose 1942-1945
Quelle der Ansetzung oder des Terms gnd
Koha-Normdatenidentnummer rswk-swf
650 07 - Nebeneintragung unter einem Schlagwort - Sachschlagwort
Sachschlagwort oder geografischer Name als Eintragungselement Drittes Reich
IDN des Normdatensatzes oder Standardnummer (DE-588)4013021-6
Quelle der Ansetzung oder des Terms gnd
Koha-Normdatenidentnummer rswk-swf
650 07 - Nebeneintragung unter einem Schlagwort - Sachschlagwort
Sachschlagwort oder geografischer Name als Eintragungselement Krieg
IDN des Normdatensatzes oder Standardnummer (DE-588)4033114-3
Quelle der Ansetzung oder des Terms gnd
Koha-Normdatenidentnummer rswk-swf
651 #7 - Nebeneintragung unter einem Schlagwort - Geografischer Name
Geografischer Name Niederlande
IDN des Normdatensatzes oder Standardnummer (DE-588)4042203-3
Quelle der Ansetzung oder des Terms gnd
Koha-Normdatenidentnummer rswk-swf
700 1# - Nebeneintragung - Personenname
Personenname Jong, Louis de
Datumsangaben in Verbindung mit einem Namen 1914-2005
Funktionsbezeichnung Verfasser
IDN des Normdatensatzes oder Standardnummer (DE-588)119099926
Funktionsbezeichnungscode aut
Koha-Normdatenidentnummer 14636
942 ## - Zusätzliche Felder (Koha)
Klassifikation oder Aufstellungssystematik Andere/Generische Klassifikation
Koha-Medientyp Monographien
Exemplare
Ausgeschieden Verloren Klassifikation oder Aufstellungssystematik Beschädigt Nicht entleihbar Heimatbibliothek Aufenthaltsbibliothek Erwerbungsdatum Inventarnummer Signatur Barcode Letzte Aktivität Preis gültig von Koha-Medientyp OPAC-Notiz
Ausgeschieden   Andere/Generische Klassifikation     MWN Osteuropa MWN Osteuropa 06/07/2021 21-01286 D 52 rf Wie 57105 06/07/2021 06/07/2021 Monographien Online frei zugänglich